000 01463cam a2200265 4500
001 ##L135935
008 061219n2006 000 0 eng u
020 _a0117539775
_a9780117539778
035 _a(Sirsi) u135935
041 0 _aeng
050 0 4 _a692.2 $2 18
110 1 _aUnited Kingdom
_bDepartment for Communities and Local Government
_94939
245 0 4 _aThe Building Act 1984
_bThe Building Regulations and the Building (Approved Inspectors Etc) Regulations 2000
260 _aLondon
_bDCLG
_c2006
490 0 _aDCLG Circular
_v05/2006
520 _aDraws attention to the Building and Approved Inspectors (Amendment) (No. 2) Regulations 2006 and the changes they make to the Building Regulations 2000 (Part B of Sched 1) and the Building (Approved Inspectors etc.) Regulations 2000. A key change is the introduction of a new requirement for the provisions of fire safety information. Announces the publication of the new Approved Documents B (L135938 and L135941), explains transitional provisions, and announces further provisions for self-certification.
590 _aKA NTK
650 2 4 _aBUILDING REGULATIONS 2000
650 2 4 _aBUILDING (APPROVED INSPECTORS ETC.) REGULATIONS 2000
650 2 4 _aDCLG CIRCULAR 05/2006
651 4 _aEngland and Wales
_y1543-
690 _aBuilding regulations
_96224
856 4 0 _uhttps://www.communities.gov.uk/index.asp?id=1505305
_zView the Circular free of charge at www.communities.gov.uk
942 _n0
999 _c106252
_d106252